[Event "Kragero op"]
[Site "Kragero"]
[Date "2023.02.23"]
[Round "3"]
[White "Briem, Benedikt"]
[Black "Doluhanova, Evgeniya"]
[Result "0-1"]
[WhiteElo "2096"]
[BlackElo "2312"]
[PlyCount "72"]
[EventDate "2023.02.22"]
[EventType "swiss"]
[EventRounds "9"]
[EventCountry "NOR"]
[SourceTitle "CBM 212 Extra"]
[Source "ChessBase"]
[SourceDate "2023.03.31"]
[SourceVersion "1"]
[SourceVersionDate "2023.03.31"]
[SourceQuality "1"]

1. d4 Nf6 2. c4 e6 3. g3 d5 4. Bg2 Bb4+ 5. Nd2 0-0 6. Ngf3 b6 7. 0-0 Bb7 8. a3 Be7 9. cxd5 Bxd5 10. Qc2 Nbd7 11. e4 Bb7 12. e5 Nd5 13. Ne4 h6 14. b4 Rc8 15. Bd2 c5 16. dxc5 bxc5 17. b5 c4 18. Rfe1 c3 19. Nxc3 Nxc3 20. Bxc3 Qc7 21. Qd1 Qxc3 22. Qxd7 Rc7 23. Qd1 Rd8 24. Qe2 Bxa3 25. h4 Rd3 26. Nh2 Rd2 27. Qf1 Rxf2 28. Qxf2 Bc5 29. Qxc5 Qxc5+ 30. Kh1 Bxg2+ 31. Kxg2 Qd5+ 32. Kh3 Rc2 33. Rg1 Qxe5 34. Rxa7 Qf5+ 35. g4 Qf2 36. Ra8+ Kh7 0-1

[Event "EU-ch U16 30th"]
[Site "Antalya"]
[Date "2022.11.12"]
[Round "7"]
[White "Briem, Benedikt"]
[Black "Lamaze, Simon"]
[Result "0-1"]
[WhiteElo "2175"]
[BlackElo "2372"]
[PlyCount "59"]
[EventDate "2022.11.06"]
[EventType "swiss"]
[EventRounds "9"]
[EventCountry "TUR"]
[SourceTitle "EXT 2024"]
[Source "ChessBase"]
[SourceDate "2023.10.10"]
[SourceVersion "1"]
[SourceVersionDate "2023.10.10"]
[SourceQuality "1"]

1. d4 Nf6 2. c4 e6 3. g3 d5 4. Bg2 Bb4+ 5. Nd2 0-0 6. Ngf3 dxc4 7. Qc2 a5 8. 0-0 b5 9. a3 Bxd2 10. Nxd2 Ra7 11. b3 Bb7 12. Bxb7 Rxb7 13. Bb2 cxb3 14. Nxb3 a4 15. Nc5 Rb6 16. Rac1 Nc6 17. Rfd1 Na5 18. d5 exd5 19. e4 Nc4 20. Bxf6 Rxf6 21. Rxd5 Rd6 22. Nb7 Rxd5 23. Nxd8 Rdxd8 24. Qc3 c5 25. Rb1 Rb8 26. Rd1 Rfd8 27. Rd5 Rxd5 28. exd5 Rd8 29. Qd3 g6 30. g4 0-1

[Event "Uppsala Young Champions 9th"]
[Site "Uppsala"]
[Date "2022.11.02"]
[Round "8"]
[White "Briem, Benedikt"]
[Black "Trost, Edvin"]
[Result "0-1"]
[WhiteElo "2208"]
[BlackElo "2347"]
[PlyCount "100"]
[EventDate "2022.10.28"]
[EventType "swiss"]
[EventRounds "9"]
[EventCountry "SWE"]
[SourceTitle "EXT 2024"]
[Source "ChessBase"]
[SourceDate "2023.10.10"]
[SourceVersion "1"]
[SourceVersionDate "2023.10.10"]
[SourceQuality "1"]

1. d4 d6 2. Nf3 Nf6 3. c4 g6 4. Nc3 Bf5 5. Nh4 Bd7 6. e4 e5 7. Nf3 exd4 8. Nxd4 Bg7 9. Be2 0-0 10. Be3 Nc6 11. 0-0 Re8 12. f3 Nh5 13. Nxc6 bxc6 14. g4 Nf6 15. Qd2 Be6 16. Rad1 Qe7 17. Bg5 Qf8 18. Kh1 h6 19. Be3 Rad8 20. Qc1 Kh7 21. h3 Bc8 22. b4 a6 23. a4 Bb7 24. Bf4 d5 25. c5 Re7 26. Bd3 dxe4 27. Bxe4 Nxe4 28. Nxe4 Rxd1 29. Qxd1 Bc8 30. Ng3 f5 31. Qd3 Rf7 32. Bc1 fxg4 33. fxg4 Be6 34. Rxf7 Qxf7 35. Nh5 Bc4 36. Qc2 Qf3+ 37. Kg1 Bd3 38. Qf2 Qd1+ 39. Kg2 gxh5 40. Bf4 hxg4 41. Bxc7 gxh3+ 42. Kxh3 Qxa4 43. Bf4 Qc2 44. Bd2 Bf5+ 45. Kh2 Qe4 46. b5 Be5+ 47. Kg1 Bd4 48. bxa6 Bh3 49. Kh2 Bxf2 50. Kxh3 Qf3+ 0-1

[Event "Uppsala Young Champions 9th"]
[Site "Uppsala"]
[Date "2022.10.30"]
[Round "4"]
[White "Carlsson, Ludvig"]
[Black "Briem, Benedikt"]
[Result "1-0"]
[WhiteElo "2379"]
[BlackElo "2208"]
[PlyCount "109"]
[EventDate "2022.10.28"]
[EventType "swiss"]
[EventRounds "9"]
[EventCountry "SWE"]
[SourceTitle "EXT 2024"]
[Source "ChessBase"]
[SourceDate "2023.10.10"]
[SourceVersion "1"]
[SourceVersionDate "2023.10.10"]
[SourceQuality "1"]

1. e4 e6 2. d4 d5 3. e5 c5 4. c3 Qb6 5. Nf3 Bd7 6. Be2 Bb5 7. Bxb5+ Qxb5 8. Na3 Qd7 9. Nc2 Nc6 10. 0-0 Rc8 11. h4 b5 12. dxc5 Bxc5 13. b4 Bb6 14. Qd3 Nge7 15. h5 h6 16. Bf4 g5 17. hxg6 Nxg6 18. Bg3 h5 19. Bh2 h4 20. Kh1 Rh5 21. Rae1 Nge7 22. g4 hxg3 23. fxg3 d4 24. cxd4 Nf5 25. g4 Ng3+ 26. Kg2 Rxh2+ 27. Kxh2 Nxf1+ 28. Rxf1 Qd5 29. Qh7 Nd8 30. Ng5 Bxd4 31. Qg8+ Kd7 32. Rxf7+ Nxf7 33. Qxf7+ Kc6 34. Qxe6+ Qxe6 35. Nxd4+ Kd5 36. Ngxe6 Kxe5 37. g5 Rg8 38. Kg3 Rxg5+ 39. Nxg5 Kxd4 40. Nf7 a5 41. bxa5 Kc5 42. Ne5 b4 43. Kf4 Kb5 44. Nc4 Kc5 45. Ke3 Kc6 46. Kd2 Kc5 47. Kc2 Kb5 48. Kb3 Kc5 49. a6 Kc6 50. Kxb4 Kc7 51. Kb5 Kb8 52. Kb6 Ka8 53. Ne3 Kb8 54. Nd5 Ka8 55. a3 1-0

[Event "Uppsala Young Champions 9th"]
[Site "Uppsala"]
[Date "2022.10.29"]
[Round "3"]
[White "Kaasen, Tor Fredrik"]
[Black "Briem, Benedikt"]
[Result "1-0"]
[WhiteElo "2445"]
[BlackElo "2208"]
[PlyCount "67"]
[EventDate "2022.10.28"]
[EventType "swiss"]
[EventRounds "9"]
[EventCountry "SWE"]
[SourceTitle "EXT 2024"]
[Source "ChessBase"]
[SourceDate "2023.10.10"]
[SourceVersion "1"]
[SourceVersionDate "2023.10.10"]
[SourceQuality "1"]

1. e4 e6 2. d4 d5 3. Nc3 Be7 4. Nf3 Nf6 5. Bd3 c5 6. 0-0 0-0 7. dxc5 dxe4 8. Nxe4 Nxe4 9. Bxe4 Qxd1 10. Rxd1 Bxc5 11. Bf4 a6 12. c4 f5 13. Bc2 Nd7 14. Bd6 Bxd6 15. Rxd6 e5 16. Rad1 e4 17. Ng5 Ne5 18. c5 g6 19. f4 exf3 20. gxf3 f4 21. Re1 Nc6 22. Rxc6 bxc6 23. Re7 Rd8 24. Nxh7 Rd7 25. Nf6+ Kf8 26. Rxd7 Bxd7 27. Nxd7+ Ke7 28. Ne5 Ke6 29. Nxc6 Kd5 30. b4 Rh8 31. Ne7+ Kc4 32. c6 Kxb4 33. c7 Kc3 34. Bb3 1-0

[Event "Nordic-ch U17"]
[Site "Helsingborg"]
[Date "2022.08.27"]
[Round "3"]
[White "Briem, Benedikt"]
[Black "Domalchuk Jonasson, Aleksandr"]
[Result "1/2-1/2"]
[WhiteElo "2223"]
[BlackElo "2174"]
[PlyCount "65"]
[EventDate "2022.08.26"]
[EventType "swiss"]
[EventRounds "6"]
[EventCountry "SWE"]
[SourceTitle "EXT 2023"]
[Source "ChessBase"]
[SourceDate "2022.10.05"]
[SourceVersion "1"]
[SourceVersionDate "2022.10.05"]
[SourceQuality "1"]

1. d4 Nf6 2. c4 e6 3. Nf3 d5 4. Nc3 a6 5. c5 b6 6. cxb6 cxb6 7. Bf4 Bd6 8. Bxd6 Qxd6 9. e3 Nbd7 10. Bd3 Bb7 11. 0-0 b5 12. a3 0-0 13. Qe2 Rfc8 14. Rfc1 h6 15. Rc2 Rc6 16. Rac1 Rac8 17. Nb1 Nb6 18. Rxc6 Rxc6 19. Rxc6 Qxc6 20. Qc2 Qxc2 21. Bxc2 Kf8 22. b3 Ke7 23. Nc3 Nfd7 24. Kf1 Kd6 25. Ke1 f6 26. Ne2 g5 27. Kd2 Bc6 28. Kc3 Nb8 29. Ne1 Be8 30. Nd3 Bg6 31. Nc5 Bxc2 32. Kxc2 N6d7 33. Nxd7 1/2-1/2

[Event "Reykjavik Kvika op"]
[Site "Reykjavik"]
[Date "2022.04.12"]
[Round "9"]
[White "Thorhallsson, Simon"]
[Black "Briem, Benedikt"]
[Result "0-1"]
[WhiteElo "2252"]
[BlackElo "2062"]
[PlyCount "52"]
[EventDate "2022.04.06"]
[EventType "swiss"]
[EventRounds "9"]
[EventCountry "ISL"]
[SourceTitle "CBM 207 Extra"]
[Source "ChessBase"]
[SourceDate "2022.05.31"]
[SourceVersion "1"]
[SourceVersionDate "2022.05.31"]
[SourceQuality "1"]

1. e4 c5 2. Nf3 d6 3. Bb5+ Bd7 4. c4 Nf6 5. Nc3 g6 6. 0-0 Bg7 7. h3 0-0 8. d3 a6 9. Bxd7 Nbxd7 10. Bg5 h6 11. Be3 Qc7 12. Qd2 Kh7 13. Nh2 e6 14. Ng4 Nxg4 15. hxg4 Ne5 16. Qe2 Nc6 17. f3 Nd4 18. Qd2 b5 19. Kf2 g5 20. Rh1 Kg8 21. Rh5 b4 22. Bxg5 hxg5 23. Qxg5 Qd8 24. Qd2 bxc3 25. bxc3 Nc6 26. Rah1 Qf6 0-1

[Event "Reykjavik Kvika op"]
[Site "Reykjavik"]
[Date "2022.04.07"]
[Round "3"]
[White "Sarkar, Justin"]
[Black "Briem, Benedikt"]
[Result "1/2-1/2"]
[WhiteElo "2314"]
[BlackElo "2062"]
[PlyCount "70"]
[EventDate "2022.04.06"]
[EventType "swiss"]
[EventRounds "9"]
[EventCountry "ISL"]
[SourceTitle "CBM 207 Extra"]
[Source "ChessBase"]
[SourceDate "2022.05.31"]
[SourceVersion "1"]
[SourceVersionDate "2022.05.31"]
[SourceQuality "1"]

1. d4 d5 2. c4 c6 3. Nf3 Nf6 4. Nc3 e6 5. e3 Nbd7 6. Qc2 Bd6 7. g4 h6 8. Rg1 e5 9. cxd5 cxd5 10. Nb5 Bb8 11. Bd2 e4 12. Rc1 0-0 13. Bb4 Re8 14. Nd2 Nb6 15. Nc7 Bxc7 16. Qxc7 Qxc7 17. Rxc7 Be6 18. Rxb7 Rec8 19. Bc5 Na4 20. Nb3 Nxg4 21. Rg2 Nf6 22. Ba6 Nxb2 23. f4 Nc4 24. Bxc4 dxc4 25. Na5 Nd5 26. Nxc4 Nxf4 27. exf4 Bxc4 28. Rgb2 a6 29. Kd2 Bd5 30. Rd7 Rd8 31. Rxd8+ Rxd8 32. a4 Rd7 33. Ke3 Rb7 34. Rxb7 Bxb7 35. f5 f6 1/2-1/2